000
00393nam a2200133Ia 4500
008
151001s9999||||xx |||||||||||||| ||und||
100
_a
कर्तार सिंह दुग्गल
245
_a
मै क्या लिखता हुँ
250
_a
1
260
_b
एस के जी पब्लिशर्स
260
_c
2010
300
_a
110
365
_b
21
999
_c
995687
_d
995684